000
00250nam a2200097Ia 4500
001
854702
005
20250826174556.0
008
250824s9999 xx 000 0 und d
245
0
_a
HASAN IN :MACERALARI
_c
ELDAR GURTUEV
260
_b
GENÇ TİMAŞ YAYINLARI
999
_c
854702
_d
854702